<?xml version="1.0" encoding="UTF-8"?>
<record
    xmlns:xsi="http://www.w3.org/2001/XMLSchema-instance"
    xsi:schemaLocation="http://www.loc.gov/MARC21/slim http://www.loc.gov/standards/marcxml/schema/MARC21slim.xsd"
    xmlns="http://www.loc.gov/MARC21/slim">

  <leader>02483na  a2200421   4500</leader>
  <controlfield tag="001">22874</controlfield>
  <controlfield tag="003">MIRAKIL</controlfield>
  <controlfield tag="005">20181213155254.0</controlfield>
  <controlfield tag="008">170301b        tu            000 0      </controlfield>
  <datafield tag="040" ind1=" " ind2=" ">
    <subfield code="a">Milas</subfield>
    <subfield code="b">tur</subfield>
    <subfield code="c">TR-AnCHP</subfield>
  </datafield>
  <datafield tag="041" ind1=" " ind2=" ">
    <subfield code="a">tur</subfield>
  </datafield>
  <datafield tag="082" ind1=" " ind2=" ">
    <subfield code="a">CHP 330.956671</subfield>
    <subfield code="b">K776 [2006]</subfield>
  </datafield>
  <datafield tag="090" ind1=" " ind2=" ">
    <subfield code="a">CHP 330.956671 K776 [2006]</subfield>
  </datafield>
  <datafield tag="091" ind1=" " ind2=" ">
    <subfield code="a">EKONOM&#x130; 5 - Kahramanmara&#x15F;</subfield>
  </datafield>
  <datafield tag="110" ind1=" " ind2=" ">
    <subfield code="a">Kahramanmara&#x15F; Ticaret ve Sanayi Odas&#x131; (KTSO)</subfield>
  </datafield>
  <datafield tag="222" ind1=" " ind2=" ">
    <subfield code="a">Ekonomi raporlar&#x131;</subfield>
  </datafield>
  <datafield tag="245" ind1=" " ind2=" ">
    <subfield code="a">[Kahramanmara&#x15F;'&#x131;n sosyo ekonomik durum ve faaliyetleri ile ilgili &#xE7;e&#x15F;itli yaz&#x131; ve raporlar]</subfield>
    <subfield code="b">[2006]</subfield>
    <subfield code="c">Kahramanmara&#x15F; Ticaret ve Sanayi Odas&#x131; (KTSO)</subfield>
  </datafield>
  <datafield tag="246" ind1=" " ind2=" ">
    <subfield code="a">Kahramanmara&#x15F;'&#x131;n sosyo ekonomik durumu</subfield>
  </datafield>
  <datafield tag="246" ind1=" " ind2=" ">
    <subfield code="a">Ekonomi raporu</subfield>
  </datafield>
  <datafield tag="260" ind1=" " ind2=" ">
    <subfield code="a">[Kahramanmara&#x15F;]</subfield>
    <subfield code="b">Kahramanmara&#x15F; Ticaret ve Sanayi Odas&#x131; (KTSO)</subfield>
    <subfield code="c">[2006]</subfield>
  </datafield>
  <datafield tag="300" ind1=" " ind2=" ">
    <subfield code="a">c.</subfield>
    <subfield code="c">30 sm.</subfield>
  </datafield>
  <datafield tag="500" ind1=" " ind2=" ">
    <subfield code="a">[Kahramanmara&#x15F;'&#x131;n sosyo ekonomik durum ve faaliyetleri ile ilgili CHP Genel Ba&#x15F;kan&#x131; Deniz Baykal i&#xE7;in haz&#x131;rlanm&#x131;&#x15F;  &#xE7;e&#x15F;itli yaz&#x131; ve raporlar]</subfield>
  </datafield>
  <datafield tag="505" ind1=" " ind2=" ">
    <subfield code="a">1)Pazarc&#x131;k il&#xE7;esi sosyo-ekonomik durumu - 2)Kahramanmara&#x15F; Havaalan&#x131;'n&#x131;n eksiklikleri hakk&#x131;nda bilgi notu - 3) Kahramanmara&#x15F;'&#x131;n sosyo-ekonomik g&#xF6;stergeleri - 4) Kahramanmara&#x15F; Ticaret ve Sanayi Odas&#x131;'n&#x131;n proje faaliyetleri - 5) Kahramanmara&#x15F;'ta te&#x15F;vik yasas&#x131;n&#x131;n sonu&#xE7;lar&#x131; - 6) Kahramanmara&#x15F;'&#x131;n &#xE7;&#xF6;z&#xFC;m bekleyen sorunlar&#x131; - 7) Kahramanmara&#x15F;'&#x131;n d&#x131;&#x15F; ticareti - 8) Elbistan ekonomisi ve b&#xF6;lgenin sorunlar&#x131; - 9) Elbistan Ziraat odas&#x131;n&#x131;n say&#x131;n CHP genel Ba&#x15F;kan&#x131; Deniz Baykal'a brifing dosyas&#x131;</subfield>
  </datafield>
  <datafield tag="610" ind1=" " ind2=" ">
    <subfield code="a">Kahramanmara&#x15F; Ticaret ve Sanayi Odas&#x131; (KTSO)</subfield>
    <subfield code="x">Ekonomik durum, 2006</subfield>
    <subfield code="y">Raporlar</subfield>
    <subfield code="z">Kahramanmara&#x15F;</subfield>
  </datafield>
  <datafield tag="610" ind1=" " ind2=" ">
    <subfield code="a">CHP</subfield>
    <subfield code="x">Ekonomi</subfield>
    <subfield code="y">Raporlar</subfield>
    <subfield code="z">Kahramanmara&#x15F;</subfield>
  </datafield>
  <datafield tag="651" ind1=" " ind2=" ">
    <subfield code="a">Kahramanmara&#x15F;</subfield>
    <subfield code="x">Sosyo ekonomik durum</subfield>
    <subfield code="y">Raporlar</subfield>
  </datafield>
  <datafield tag="740" ind1=" " ind2=" ">
    <subfield code="a">Elbistan Ziraat odas&#x131;n&#x131;n say&#x131;n CHP genel Ba&#x15F;kan&#x131; Deniz Baykal'a brifing dosyas&#x131;</subfield>
  </datafield>
  <datafield tag="740" ind1=" " ind2=" ">
    <subfield code="a">Ekonomi raporlar&#x131;</subfield>
  </datafield>
  <datafield tag="740" ind1=" " ind2=" ">
    <subfield code="a">Pazarc&#x131;k il&#xE7;esi sosyo-ekonomik durumu</subfield>
  </datafield>
  <datafield tag="740" ind1=" " ind2=" ">
    <subfield code="a">Kahramanmara&#x15F; Havaalan&#x131;'n&#x131;n eksiklikleri hakk&#x131;nda bilgi notu </subfield>
  </datafield>
  <datafield tag="740" ind1=" " ind2=" ">
    <subfield code="a">Kahramanmara&#x15F;'&#x131;n sosyo-ekonomik g&#xF6;stergeleri </subfield>
  </datafield>
  <datafield tag="740" ind1=" " ind2=" ">
    <subfield code="a">Kahramanmara&#x15F; Ticaret ve Sanayi Odas&#x131;'n&#x131;n proje faaliyetleri</subfield>
  </datafield>
  <datafield tag="740" ind1=" " ind2=" ">
    <subfield code="a">Kahramanmara&#x15F;'ta te&#x15F;vik yasas&#x131;n&#x131;n sonu&#xE7;lar&#x131; - 6) Kahramanmara&#x15F;'&#x131;n &#xE7;&#xF6;z&#xFC;m bekleyen sorunlar&#x131;</subfield>
  </datafield>
  <datafield tag="740" ind1=" " ind2=" ">
    <subfield code="a">Kahramanmara&#x15F;'&#x131;n d&#x131;&#x15F; ticareti </subfield>
  </datafield>
  <datafield tag="740" ind1=" " ind2=" ">
    <subfield code="a">Elbistan ekonomisi ve b&#xF6;lgenin sorunlar&#x131;</subfield>
  </datafield>
  <datafield tag="942" ind1=" " ind2=" ">
    <subfield code="2">dcc</subfield>
    <subfield code="c">BKS</subfield>
  </datafield>
  <datafield tag="952" ind1=" " ind2=" ">
    <subfield code="a">0001</subfield>
    <subfield code="b">0001</subfield>
    <subfield code="d">2017-03-01</subfield>
    <subfield code="e">2</subfield>
    <subfield code="l">0</subfield>
    <subfield code="o">CHP 330.956671 K776 [2006]</subfield>
    <subfield code="p">016779</subfield>
    <subfield code="r">2017-03-01 00:00:00</subfield>
    <subfield code="v">0.00</subfield>
    <subfield code="w">2017-03-01</subfield>
    <subfield code="y">BKS</subfield>
  </datafield>
  <datafield tag="999" ind1=" " ind2=" ">
    <subfield code="c">9701</subfield>
    <subfield code="d">9701</subfield>
  </datafield>
</record>
